000 00521nam a2200169Ia 4500
999 _c36608
_d36608
003 OSt
005 20201209102319.0
008 190216s9999||||xx |||||||||||||| ||und||
040 _coclc
082 _a003.3
_bPOT/M
100 _aPotier, D
_97312
245 0 _aModelling Techniques And Tools For Performance Analysis /
_cD Potier
260 _bNorth Holland,
_c1985.
_aNewyork:
300 _a640p
650 _aModeling Techniques And Performance
942 _cREF
_2ddc
_h003.3
_iPOT/M
_k003.3
_mPOT/M